00274pab a2200097 454500008003600000100001800036245005200054650002100106650001400127773003500141180718b xxu||||| |||| 00| 0 eng d aSandmo, Agnar aBuchanan on political economy: a review article a Buchanan, James aEconomics aJournal of Economic Literature